| 000 | 00522nam a2200181Ia 4500 | ||
|---|---|---|---|
| 008 | 230718s9999 xx 000 0 und d | ||
| 020 | _a9789352133673 | ||
| 041 | _aeng | ||
| 082 |
_a005.678 _bENG |
||
| 100 |
_aEnge E. _9118268 |
||
| 245 |
_aArt of SEO _bMastering Search Engine Optimization |
||
| 250 | _a3rd ed. | ||
| 260 |
_c2016 _bO'reilly/SPD |
||
| 300 | _a982 | ||
| 365 |
_cRs. _b1700.00 |
||
| 700 |
_aEnge E.; Spencer S. & Stricchiola J.C. _9199583 |
||
| 906 |
_dO:0598624-Jul-2018B:532317-Jul-2018 _cTE _b10837.5 |
||
| 999 |
_c347724 _d347724 |
||